Регионална библиотека "Любен Каравелов" - Русе

С пълно сърце (Запис номер 136510)

MARC детайли
000 -Лидер
Контролно поле с фиксирана дължина 01562nam a2200349 c 4500
003 - Код на организацията, давaща контролен номер
Контролно поле BLK
005 - Дата и час на последна редакция
Контролно поле 20220401103338.0
008 - Елементи от данни с фиксирана дължина
fixed length control field 180409b bul|||||r ||||||| ||bul||
040 ## - Източник на каталожния запис
Идентификатор на билиотеката - собственик на записа BLK
041 ## - Код за език
Код за езика на текст/звукозапис или на отделно заглавие Български
Код за езика КДБФ Български
080 ## - УДК
Текстов определител УДК Българска литература
УДК код - определител по УДК 821.163.2
УДК определител -1
УДК - код + определител 821.163.2-1
100 1# - Редна дума - Автор
Автор Гундов, Димитър Стефанов
Авторска отговорност първи автор
R(LIN) 376062
139 ## - Редно поле
Редна дума Гундов, Димитър Стефанов
Авторски знак Гул - Г 92
245 10 - Сведения за заглавието
Заглавие С пълно сърце
Подзаглавни данни Лирика
Редно поле (дума) Димитър Стефанов Гундов; худож. Георги Ковачев; худож. Милка Митева Пейкова.
257 ## - Страна на издаване
Страна на създаване/издаване България
260 ## - Област на издателските данни
Име на издателя, разпространителя и проч. Нар. култура
Година на издаване 1965
Място на издаване, разпространение и проч. София
300 ## - Физическа характеристика
Страници 155 с.
Илюстрации и др. с ил.
Размери/Мащаб 20 см
380 ## - Жанр
Жанр Худож. лит.
490 ## - СЕРИИ (Колекции)
9 (RLIN) 396381
Име на серия Частна колекция - Академик Михаил Арнаудов
Бележки за серията Дарение - Основен фонд
500 ## - Общи забележки
Забележка Фонд Михаил Арнаудов - Автограф с текст: На профх. Мих. Арнаудов с най-голямо уважение и обич Димитър Гундов София 12. V 965 г. - Твърда подв.
659 ## - Тематичен бюлетин
Тематичен бюлетин А
659 ## - Тематичен бюлетин
Тематичен бюлетин Я
700 1# - Други автори (авторска отговорност)
Лично име Ковачев, Георги
Автороска отговорност (Описва отношението между автора и произведението) худож.
9 (RLIN) 368262
700 1# - Други автори (авторска отговорност)
Лично име Пейкова, Милка Митева
Автороска отговорност (Описва отношението между автора и произведението) худож.
9 (RLIN) 371963
852 ## - Местоположение
Форматна сигнатура Цб 29306
852 ## - Местоположение
Форматна сигнатура МА 1954
Фондова буква Фонд "Михаил Арнаудов"
856 4# - Електронен адрес и достъп
Електронен формат pdf - файл
856 4# - Електронен адрес и достъп
Електронен формат pdf - файл
999 ## - СИСТЕМНИ КОНТРОЛНИ НОМЕРА
Koha biblionumber 136510
Koha biblioitemnumber 136510
942 ## - АРТИКУЛИ
Вид на библиотечния материал Книги
Скрит в OPAC Не
Периодичен библиозапис Да
944 ## - СЪЗДАВАНЕ И РЕДАКЦИЯ на ЗАПИСА
Създаване/Редакция Създаване
Дата на регистрацията/редакция 26.04.2013
Служител, извършил регистрацията/редакцията Ренета_Константинова
944 ## - СЪЗДАВАНЕ И РЕДАКЦИЯ на ЗАПИСА
Създаване/Редакция Редакция
Дата на регистрацията/редакция 23.03.2017
Служител, извършил регистрацията/редакцията Геновева_Генчева
Наличности
Код за отписване Код за изгубен артикул Източник на класификационната схема Код за повреда Коз за рестрикции Код за отдаване Артикулен № Име на библиотеката - собственик Име на библиотеката, в която се намира в момента Статус (Текущо местоположение) Дата на вписване в системата Местоположение - отдел Цена в лева Инвентарен номер Систематично азбучна сигнатура Баркод Номер на екземпляра Цена в евро Служебна бележка Служебен тип на артикула Номерация (Хронология)
  Не е изгубен Universal Decimal Classification Не е повреден само за читалня ползва се в читалня 223143 Регионална библиотека "Любен Каравелов" Русе Регионална библиотека "Любен Каравелов" Русе Хранилище 1965-01-01 Хранилище 0.81 9422/65 Цб 29306 900000093319 1 0.41 Дост: Dp Вид: Сф N: стар фонд Дата: 01.01.1965 Книги  
  Не е изгубен Universal Decimal Classification Не е повреден само за читалня ползва се в читалня 223144 Регионална библиотека "Любен Каравелов" Русе Регионална библиотека "Любен Каравелов" Русе Хранилище 1965-01-01 Основен фонд - ползва се само за читалня 0.81 8652/65 Цб 29306 900000093318 2 0.41 Дост: Dp Вид: Сф N: стар фонд Дата: 01.01.1965 Книги Автограф: Димитър Гундов
  Не е изгубен Universal Decimal Classification Не е повреден само за читалня Специални фондове ( старопечатни, редки и ценни, фонд М. Арнаудов) 223145 Регионална библиотека "Любен Каравелов" Русе Регионална библиотека "Любен Каравелов" Русе Фонд "Михаил Арнаудов" 1973-01-01 Фонд "Михаил Арнаудов" 0.81 590802 МА 1954 120000590802 3 0.41 Дост: DA Вид: А N: стар фонд Дата: 01.01.1973 Книги Автограф: Димитър Гундов
Vip Innovations Ltd, Rousse, Bulgaria 2025